Casa de las Americas. (رقم التسجيلة. 128794)

تفاصيل مارك
000 -LEADER
fixed length control field 01662cas a2200469 a 4500
008 - FIXED-LENGTH DATA ELEMENTS--GENERAL INFORMATION
fixed length control field 130321u19601999cu qr p 0 0spa c
022 ## - INTERNATIONAL STANDARD SERIAL NUMBER
International Standard Serial Number 0008-7157
040 ## - CATALOGING SOURCE
Original cataloging agency EG-GiCUC
Language of cataloging spa
Transcribing agency EG-GiCUC
043 ## - GEOGRAPHIC AREA CODE
Geographic area code cl-----
-- nwcu---
050 00 - LIBRARY OF CONGRESS CALL NUMBER
Classification number PN6
Item number .C3
050 14 - LIBRARY OF CONGRESS CALL NUMBER
Classification number AP63
Item number .C26
082 00 - DEWEY DECIMAL CLASSIFICATION NUMBER
Classification number 860.809805
Edition number 19
092 04 - LOCALLY ASSIGNED DEWEY CALL NUMBER (OCLC)
Classification number 860.809805
Item number C3342
Edition number 21
099 ## - LOCAL FREE-TEXT CALL NUMBER (OCLC)
Classification number 04
-- 860.809805 C3342
222 #0 - KEY TITLE
Key title Casa de las Américas.
245 10 - TITLE STATEMENT
Title Casa de las Americas.
246 13 - VARYING FORM OF TITLE
Title proper/short title La revista Casa de las Americas.
246 13 - VARYING FORM OF TITLE
Title proper/short title Revista de las Americas
246 30 - VARYING FORM OF TITLE
Title proper/short title Casa
260 ## - PUBLICATION, DISTRIBUTION, ETC.
Place of publication, distribution, etc. La Habana, Cuba :
Name of publisher, distributor, etc. La Casa de las Americas,
Date of publication, distribution, etc. c1960-
300 ## - PHYSICAL DESCRIPTION
Extent v. :
Other physical details ill. ;
Dimensions 23 cm.
310 ## - CURRENT PUBLICATION FREQUENCY
Current publication frequency trimestral, 1991-
362 0# - DATES OF PUBLICATION AND/OR SEQUENTIAL DESIGNATION
Dates of publication and/or sequential designation Vol. 1, n. 1 (jun./jul.)- .
500 ## - GENERAL NOTE
General note En 1969 la Biblioteca Nacional José Martí publica un índice de los años 1960/1967.
500 ## - GENERAL NOTE
General note Tít. tomado de la cub.
610 20 - SUBJECT ADDED ENTRY--CORPORATE NAME
Corporate name or jurisdiction name as entry element Casa de las Americas
Form subdivision Periodicals.
650 #0 - SUBJECT ADDED ENTRY--TOPICAL TERM
Topical term or geographic name entry element Cuban literature
Form subdivision Periodicals.
650 #0 - SUBJECT ADDED ENTRY--TOPICAL TERM
Topical term or geographic name entry element Cuban literature
General subdivision History and criticism
Form subdivision Periodicals.
650 #0 - SUBJECT ADDED ENTRY--TOPICAL TERM
Topical term or geographic name entry element Latin American literature
Form subdivision Periodicals.
650 #0 - SUBJECT ADDED ENTRY--TOPICAL TERM
Topical term or geographic name entry element Latin American literature
General subdivision History and criticism
Form subdivision Periodicals.
650 #0 - SUBJECT ADDED ENTRY--TOPICAL TERM
Topical term or geographic name entry element Literature
Form subdivision Periodicals.
653 ## - INDEX TERM--UNCONTROLLED
Uncontrolled term Cultura.
653 ## - INDEX TERM--UNCONTROLLED
Uncontrolled term Literatura hispanoamericana.
710 2# - ADDED ENTRY--CORPORATE NAME
Corporate name or jurisdiction name as entry element Casa de las Americas.
776 08 - ADDITIONAL PHYSICAL FORM ENTRY
Relationship information Online version:
Title Revista Casa de las Amâericas
780 00 - PRECEDING ENTRY
Main entry heading Casa de las Americas.
Title Casa de las Americas
785 00 - SUCCEEDING ENTRY
Title Casa de las Amâericas (Havana, Cuba : 1994)
905 ## - LOCAL DATA ELEMENT E, LDE (RLIN)
Cataloger Jamal
Reviser Cat.
905 ## - LOCAL DATA ELEMENT E, LDE (RLIN)
Reviser Rev.
942 ## - ADDED ENTRY ELEMENTS (KOHA)
Source of classification or shelving scheme Dewey Decimal Classification
Koha item type Books
المقتنيات
Source of classification or shelving scheme Not for loan Home library Current library Date acquired Full call number Date last seen Koha item type
Dewey Decimal Classification   المكتبة المركزبة الجديدة - جامعة القاهرة قاعة الثقاقات الاجنبية - الدور الثالث 11.02.2024 860.809805 C3342 23.09.2023 Continuing Resources
Cairo University Libraries Portal Implemented & Customized by: Eng. M. Mohamady Contacts: new-lib@cl.cu.edu.eg | cnul@cl.cu.edu.eg
CUCL logo CNUL logo
© All rights reserved — Cairo University Libraries
CUCL logo
Implemented & Customized by: Eng. M. Mohamady Contact: new-lib@cl.cu.edu.eg © All rights reserved — New Central Library
CNUL logo
Implemented & Customized by: Eng. M. Mohamady Contact: cnul@cl.cu.edu.eg © All rights reserved — Cairo National University Library